| 000 | 00560nam a2200169Ia 4500 | ||
|---|---|---|---|
| 003 | GCL | ||
| 008 | 140319s9999 xx 000 0 ara d | ||
| 040 |
_aGCL / _cGCL |
||
| 082 | 0 | 4 |
_aق _b321.80962 _bا س \\=aاحمد فارس عبدالمنعمv |
| 245 | 1 | 0 | _aالسلطة السياسة فى مصر وقضية الديمقراطية ( 1805 - 1987 ) |
| 300 | _a231 ص | ||
| 490 |
_aتاريخ المصريين _v0 |
||
| 650 | 0 | 4 | _aمصر |
| 650 | 0 | 4 | _aمصر - الاحوال السياسية |
| 650 | 0 | 4 | _aالديمقراطية - مصر |
| 942 |
_2ddc _cBK |
||
| 999 |
_c51878 _d51878 |
||